000 00690nam a2200241Ia 4500
003 OSt
005 20220928104714.0
006 a|||||r|||| 00| 0
007 ta
008 220927b |||||||| |||| 00| 0 eng d
024 _a32536
037 _cTextual
040 _aSDCL
_cSDCL
_beng
041 _2eng
_aeng
082 _aV2:12'N9, N9
100 _aCopland Ian Ed.
_9411634
245 0 _aFederalism
_b Comparative perspectives from India and Australia
260 _aDelhi
_bManohar
_c1999
300 _a299p
_ccm.
700 _a Rickard John Ed.
_9411635
942 _hV2:12'N9, N9
_cTEXL
_2CC
999 _c727328
_d727328